00634nam a2200205 450000100060000000300090000600500170001500800410003202000190007304000380009208200220013010000200015224500820017225000120025426000400026630000260030650400520033265000290038470000150041322595BD-DhUAP20250306112902.0250306b20002023ii p|||| |||| 001 0beng d a978817177385-5 aBD-DhUAPbENGcBD-DhUAPdBD-DhUAP 223rd ed.a382 KHA aBagchi, Jayanta aWorld trade organisation, an Indian perspective /cJayanta Bagchi, H. R. Khan a2nd ed. aKolkata:bEastern Law House,c2023. a283p.:bill.;c24 cm. aIncludes bibliographical references and index . aWorld Trade Organization aH. R. Khan